International Journal of Event and Festival Management

Enregistré dans:
Détails bibliographiques
Format: Publication en série
Langue:anglais
Publié: Leeds Emerald Publishing
Tags: Ajouter un tag
Pas de tags, Soyez le premier à ajouter un tag!

MARC

LEADER 00000nas1a2200000 4500
001 0314313
005 20260121134647.6
022 |a 1758-2954 
022 |a 1758-2962 
041 0 |a eng 
044 |a GB 
245 1 0 |a International Journal of Event and Festival Management 
264 1 |a Leeds  |b Emerald Publishing